000 00495nam a2200169 i 4500
001 146507
003 ES-MaACL
005 20230906201549.0
007 t|
008 070911s1934 xxk |||| | eng d
100 1 _aTrevelyan, George Macaulay.
_9111334
245 1 0 _aHistory of England /
_cby George Macanlay Trevelyan.
260 _aLondon :
_bLongmans, Green and Co.,
_c1934.
300 _aXIX, 727 p. ;
_c22 cm.
651 4 _aGran BretaƱa-
_xHistoria.
_98752
852 _aES-MaACL
_jA-3836
999 _c146507
_d146507